| 000 | 00774nam a2200253 a 4500 | ||
|---|---|---|---|
| 001 | 64546 | ||
| 003 | BD-RjUL | ||
| 005 | 20211209081324.0 | ||
| 008 | 170216s1982 enk b 001 0 eng | ||
| 020 | _a0803918445 (pbk.) | ||
| 020 | _a0803918437 | ||
| 035 | _a(BD-RjUL)64676 | ||
| 040 |
_aDLC _cDLC _dDLC _dBD-RjUL _beng |
||
| 041 | _aeng | ||
| 082 | 0 | 0 |
_a972.91 _223 _bCUB 1982 |
| 245 | 1 | 0 |
_aCuba : _binternal and international affairs / _cedited by Jorge I. DomÃnguez. |
| 260 |
_aBeverly Hills, Calif. : _bSage Publications, _cc1982. |
||
| 300 |
_a230 p. ; _c22 cm. |
||
| 490 | 0 |
_aSage focus editions ; _v50 |
|
| 504 | _aIncludes bibliographical references and index. | ||
| 651 | 0 |
_aCuba. _9191446 |
|
| 700 | 1 |
_aDomÃnguez, Jorge I., _d1945- _9191447 |
|
| 942 |
_2ddc _cBK |
||
| 999 |
_c64546 _d64546 |
||